Flags of the Countries with 10 letters - Statistics

General Stats
  • This quiz has been taken 57 times
  • The average score is 14 of 17
Answer Stats
Picture Hint Answer % Correct
Asia Bangladesh
96%
Asia Azerbaijan
91%
Asia North Korea
87%
Asia South Korea
87%
North America El Salvador
83%
Asia Kazakhstan
83%
Europe Luxembourg
83%
Oceania New Zealand
83%
Asia Kyrgyzstan
78%
Asia Uzbekistan
78%
Africa Madagascar
74%
Africa Mauritania
74%
Africa Mozambique
74%
North America Saint Lucia
74%
Africa Seychelles
74%
Africa South Sudan
74%
Asia Tajikistan
74%
No matching quizzes found
Score Distribution
Percent of People with Each Score
Percentile by Number Answered
Your Score History
You have not taken this quiz